| 000 | 01244nam a22002653i 4500 | ||
|---|---|---|---|
| 001 | 153103 | ||
| 003 | ES-MaACL | ||
| 005 | 20251110063229.0 | ||
| 008 | 050811s1739 ne a | |||||||| ||fre d | ||
| 040 |
_aCAM _bspa _cCAM |
||
| 100 | 1 |
_aChatelain, Henri, _d1684-1743 _9154971 |
|
| 245 | 1 | 0 |
_a[Atlas historique ou Nouvelle introduction a l'histoire, a la chronologie & a la geographie ancienne & moderne ... _b: tome I / _cpar Mr. C. *** avec des dissertations sur l'Histoire de chaque Etat par Mr. Gueudeville. |
| 250 | _a[Nouvelle édition]. | ||
| 260 |
_aA Amsterdam : _bchez Zacharie Châtelain libraire, _c1739. |
||
| 300 |
_a1 v. (pag. var.) ; _cFol. (46 cm) |
||
| 594 | _aTit. tomado de t.II y pie de imp. del front. | ||
| 597 | _aFront. grab. calc.: "B. Picart inv. et fecit 1720" | ||
| 597 | _aAntep. | ||
| 599 | _aConsta de 45 h. de grab. calc. dobles y pleg. | ||
| 650 | 7 |
_aGeografía _2embne _913070 |
|
| 700 | 1 |
_aGueudeville, Nicolas, _d1652-1721? _9127608 |
|
| 852 |
_aES-MaACL _jR-1505 _z-- Enc. piel grab. con hierros _q-- Falto de la port. y de las h. de grab. 2, 3, y 26 _z-- Las h. de grab. nº 3 y 26 están enc. al final del t.VII _x Olim: G-3976-82 |
||
| 942 | _2udc | ||
| 999 |
_c153103 _d153103 |
||